|
|
|
|
| LEADER |
00000nab a2200000 a 4500 |
| 001 |
vtls000717421 |
| 003 |
SK-MaSNL |
| 005 |
20260305015301.0 |
| 008 |
180205c2000 xo 0 slo |
| 015 |
|
|
|a SNBRB2000/03-06723
|
| 035 |
|
|
|a CLN000069588
|
| 040 |
|
|
|a SNKBUCL
|b slo
|c SNKBUCL
|e AACR2
|
| 041 |
0 |
|
|a slo
|
| 044 |
|
|
|a xo
|c SK
|
| 080 |
|
|
|a 327(437.6):327.51(100)
|2 UDC-MRF-SK2
|
| 080 |
|
|
|a 327.51(100):327(437.6)
|2 UDC-MRF-SK2
|
| 100 |
1 |
|
|a Ondrejčeková, Júlia
|4 aut
|9 675254
|
| 245 |
1 |
0 |
|a O rozširovaní NATO sa stále hovorí s otáznikmi
|b nepravdivé informácie maľujú aktuálnu situáciu Slovenska naružovo
|c Júlia Ondrejčeková
|
| 610 |
|
7 |
|a NATO
|x Slovensko
|2 snkbucl
|9 847069
|
| 610 |
2 |
7 |
|a NATO
|2 snkbucl
|9 33599
|
| 655 |
|
7 |
|a články z novín a časopisov
|2 snkbucl
|9 267496
|
| 773 |
0 |
|
|x 1335-4698
|t Slovenská republika
|g Roč. 8, č. 49 (29.2.2000), s. 6
|
| 850 |
|
|
|a Slovenská národná knižnica v Martine
|
| 852 |
|
|
|a SNK
|b KIS3GCP
|
| 958 |
|
|
|a RBX
|
| 999 |
|
|
|c 3274024
|d 3275954
|